[Event "Weekender - Master"]
[Site "Enniscrone, Sligo, IE"]
[Date "2026.01.30"]
[Round "1"]
[White "MacElligott, Gerard"]
[Black "Woods, Yannick"]
[Result "1-0"]
[Board "7"]
[WhiteFideId "2500647"]
[BlackFideId "2518384"]
[WhiteTitle "CM"]
[WhiteElo "1921"]
[BlackElo "2023"]
[WhiteTeam "IRL"]
[BlackTeam "IRL"]
[WhiteClock "0:01:42"]
[BlackClock "0:00:32"]
[Variant "Standard"]

1. Nf3 {[%clk 1:27:17]}  Nf6 {[%clk 1:30:53]} 2. c4 {[%clk 1:27:16]}  e6 {[%clk 1:31:15]} 3. g3 {[%clk 1:27:24]}  d5 {[%clk 1:31:30]} 4. d4 {[%clk 1:27:44]}  Be7 {[%clk 1:31:53]} 5. Bg2 {[%clk 1:27:52]}  O-O {[%clk 1:32:16]} 6. O-O {[%clk 1:28:05]}  dxc4 {[%clk 1:32:42]} 7. Ne5 {[%clk 1:27:56]}  Nd5 {[%clk 1:33:03]} 8. Nxc4 {[%clk 1:25:17]}  b5 {[%clk 1:33:27]} 9. Ne5 {[%clk 1:21:39]}  Bb7 {[%clk 1:33:49]} 10. Nd2 {[%clk 1:11:16]}  Nd7 {[%clk 1:04:05]} 11. Nxd7 {[%clk 0:59:57]}  Qxd7 {[%clk 1:04:33]} 12. Nb3 {[%clk 0:59:59]}  a5 {[%clk 1:00:12]} 13. Bd2 {[%clk 0:57:12]}  a4 {[%clk 0:57:18]} 14. Na5 {[%clk 0:48:08]}  c5 {[%clk 0:49:27]} 15. Nxb7 {[%clk 0:38:53]}  Qxb7 {[%clk 0:49:55]} 16. dxc5 {[%clk 0:38:35]}  Bxc5 {[%clk 0:40:44]} 17. e4 {[%clk 0:30:41]}  Ne7 {[%clk 0:32:44]} 18. Qg4 {[%clk 0:24:59]}  e5 {[%clk 0:26:14]} 19. Bc3 {[%clk 0:21:23]}  Nc6 {[%clk 0:25:39]} 20. Rad1 {[%clk 0:18:53]}  b4 {[%clk 0:16:03]} 21. Bd2 {[%clk 0:15:06]}  Nd4 {[%clk 0:12:42]} 22. Bh6 {[%clk 0:13:25]}  f6 {[%clk 0:10:27]} 23. Rd2 {[%clk 0:09:00]}  Kh8 {[%clk 0:10:21]} 24. Be3 {[%clk 0:09:06]}  Qf7 {[%clk 0:09:53]} 25. Rc1 {[%clk 0:07:22]}  Rac8 {[%clk 0:00:40]} 26. Bxd4 {[%clk 0:05:13]}  f5 {[%clk 0:01:03]} 27. Qxf5 {[%clk 0:02:23]}  Qxf5 {[%clk 0:00:46]} 28. exf5 {[%clk 0:02:51]}  Bxd4 {[%clk 0:00:59]} 29. Rxc8 {[%clk 0:02:26]}  Rxc8 {[%clk 0:01:27]} 30. Bd5 {[%clk 0:01:46]}  Rc5 {[%clk 0:00:45]} 31. Be6 {[%clk 0:01:57]}  Rc1+ {[%clk 0:00:35]} 32. Kg2 {[%clk 0:02:16]}  g6 {[%clk 0:00:37]} 33. g4 {[%clk 0:01:48]}  Kg7 {[%clk 0:00:40]} 34. f4 {[%clk 0:01:17]}  Rb1 {[%clk 0:00:32]} 35. fxe5 {[%clk 0:00:59]}  Bxe5 {[%clk 0:00:36]} 36. b3 {[%clk 0:00:52]}  a3 {[%clk 0:01:02]} 37. Bc4 {[%clk 0:00:35]}  gxf5 {[%clk 0:01:01]} 38. gxf5 {[%clk 0:00:57]}  Kf6 {[%clk 0:00:37]} 39. Bd3 {[%clk 0:01:17]}  Ra1 {[%clk 0:00:52]} 40. Kf3 {[%clk 0:00:49]}  Bb2 {[%clk 0:00:56]} 41. Bc2 {[%clk 0:00:36]}  Rxa2 {[%clk 0:01:02]} 42. Rd6+ {[%clk 0:00:37]}  Ke7 {[%clk 0:00:39]} 43. Rh6 {[%clk 0:00:39]}  Bc1 {[%clk 0:00:40]} 44. Rxh7+ {[%clk 0:01:25]}  Kf6 {[%clk 0:01:39]} 45. Rc7 {[%clk 0:01:28]}  Rxc2 {[%clk 0:00:58]} 46. Rxc2 {[%clk 0:01:44]}  Bb2 {[%clk 0:01:26]} 47. Rc6+ {[%clk 0:01:25]}  Kxf5 {[%clk 0:01:54]} 48. Ra6 {[%clk 0:01:45]}  Bc1 {[%clk 0:00:33]} 49. Ra5+ {[%clk 0:02:03]}  Ke6 {[%clk 0:00:50]} 50. Ke4 {[%clk 0:02:04]}  Kd6 {[%clk 0:00:55]} 51. Kd4 {[%clk 0:01:49]}  Kc6 {[%clk 0:01:14]} 52. Kc4 {[%clk 0:02:00]}  Bd2 {[%clk 0:00:45]} 53. Ra6+ {[%clk 0:02:11]}  Kb7 {[%clk 0:01:14]} 54. Kb5 {[%clk 0:02:10]}  Be3 {[%clk 0:00:50]} 55. h4 {[%clk 0:01:49]}  Bd2 {[%clk 0:00:31]} 56. h5 {[%clk 0:02:02]}  Kc7 {[%clk 0:00:53]} 57. Kc5 {[%clk 0:01:37]}  Kd7 {[%clk 0:00:32]} 58. Rd6+ {[%clk 0:01:42]} 1-0

[Event "Weekender - Master"]
[Site "Enniscrone, Sligo, IE"]
[Date "2026.01.30"]
[Round "1"]
[White "Ashworth, Michael"]
[Black "Ashworth, Robert"]
[Result "1/2-1/2"]
[Board "8"]
[WhiteFideId "425044"]
[BlackFideId "426563"]
[WhiteElo "2019"]
[BlackElo "1917"]
[WhiteTeam "ENG"]
[BlackTeam "ENG"]
[WhiteClock "0:14:01"]
[BlackClock "0:22:18"]
[Variant "Standard"]

1. d4 {[%clk 1:30:56]}  d5 {[%clk 1:30:47]} 2. c4 {[%clk 1:31:17]}  c6 {[%clk 1:31:00]} 3. Nf3 {[%clk 1:31:41]}  Nf6 {[%clk 1:31:07]} 4. Nc3 {[%clk 1:31:57]}  e6 {[%clk 1:30:09]} 5. Bg5 {[%clk 1:32:10]}  Nbd7 {[%clk 1:29:51]} 6. e3 {[%clk 1:32:28]}  Be7 {[%clk 1:27:37]} 7. Qc2 {[%clk 1:28:34]}  O-O {[%clk 1:25:20]} 8. Rc1 {[%clk 1:28:37]}  Re8 {[%clk 1:18:05]} 9. Bd3 {[%clk 1:24:06]}  b6 {[%clk 1:07:31]} 10. O-O {[%clk 1:02:54]}  Bb7 {[%clk 1:02:00]} 11. Rfd1 {[%clk 0:57:19]}  h6 {[%clk 0:57:32]} 12. Bh4 {[%clk 0:54:58]}  c5 {[%clk 0:49:07]} 13. cxd5 {[%clk 0:38:32]}  Nxd5 {[%clk 0:42:19]} 14. Bxe7 {[%clk 0:36:37]}  Qxe7 {[%clk 0:40:48]} 15. Nxd5 {[%clk 0:33:39]}  exd5 {[%clk 0:39:12]} 16. dxc5 {[%clk 0:32:01]}  Nxc5 {[%clk 0:36:10]} 17. Bb5 {[%clk 0:29:33]}  Red8 {[%clk 0:29:46]} 18. Nd4 {[%clk 0:26:53]}  Rac8 {[%clk 0:24:33]} 19. Qf5 {[%clk 0:18:51]}  a6 {[%clk 0:22:18]} 20. Be2 {[%clk 0:14:01]} 1/2-1/2

[Event "Weekender - Master"]
[Site "Enniscrone, Sligo, IE"]
[Date "2026.01.30"]
[Round "1"]
[White "Woods, Christopher"]
[Black "Gallagher, Brian"]
[Result "1/2-1/2"]
[Board "10"]
[WhiteFideId "2518201"]
[BlackFideId "2512556"]
[WhiteElo "1999"]
[BlackElo "1912"]
[WhiteTeam "IRL"]
[BlackTeam "IRL"]
[WhiteClock "0:12:41"]
[BlackClock "0:02:58"]
[Variant "Standard"]

1. e4 {[%clk 1:30:56]}  c5 {[%clk 1:27:48]} 2. Nc3 {[%clk 1:31:10]}  d6 {[%clk 1:27:58]} 3. d4 {[%clk 1:31:27]}  cxd4 {[%clk 1:28:23]} 4. Qxd4 {[%clk 1:31:49]}  Nc6 {[%clk 1:28:52]} 5. Qd2 {[%clk 1:32:03]}  g6 {[%clk 1:29:14]} 6. b3 {[%clk 1:31:55]}  Bh6 {[%clk 1:29:39]} 7. f4 {[%clk 1:32:09]}  Nf6 {[%clk 1:30:06]} 8. Bb2 {[%clk 1:31:34]}  O-O {[%clk 1:30:29]} 9. O-O-O {[%clk 1:31:27]}  e5 {[%clk 1:30:57]} 10. g3 {[%clk 1:31:03]}  Re8 {[%clk 1:31:09]} 11. Bg2 {[%clk 1:23:28]}  exf4 {[%clk 1:30:00]} 12. gxf4 {[%clk 1:22:43]}  Bg4 {[%clk 1:29:27]} 13. Rf1 {[%clk 1:16:06]}  Qa5 {[%clk 1:21:59]} 14. h3 {[%clk 1:05:05]}  Bh5 {[%clk 1:20:01]} 15. Kb1 {[%clk 0:52:13]}  Rad8 {[%clk 0:56:02]} 16. Qd3 {[%clk 0:44:10]}  Bg7 {[%clk 0:51:04]} 17. a3 {[%clk 0:41:06]}  Qc5 {[%clk 0:39:49]} 18. Nf3 {[%clk 0:34:08]}  b5 {[%clk 0:35:59]} 19. Nd2 {[%clk 0:30:14]}  Qd4 {[%clk 0:28:03]} 20. e5 {[%clk 0:26:04]}  Qxd3 {[%clk 0:25:25]} 21. cxd3 {[%clk 0:25:20]}  Nxe5 {[%clk 0:23:40]} 22. fxe5 {[%clk 0:24:23]}  dxe5 {[%clk 0:23:17]} 23. Kc2 {[%clk 0:23:40]}  a6 {[%clk 0:21:12]} 24. Re1 {[%clk 0:22:41]}  Nd7 {[%clk 0:20:16]} 25. Nde4 {[%clk 0:22:25]}  Re6 {[%clk 0:18:22]} 26. Rhf1 {[%clk 0:22:08]}  h6 {[%clk 0:16:52]} 27. Ng3 {[%clk 0:21:44]}  Nf6 {[%clk 0:16:58]} 28. Nge4 {[%clk 0:18:36]}  Nxe4 {[%clk 0:16:23]} 29. dxe4 {[%clk 0:17:56]}  Rc6 {[%clk 0:15:55]} 30. Bf3 {[%clk 0:17:39]}  Bxf3 {[%clk 0:16:01]} 31. Rxf3 {[%clk 0:17:59]}  a5 {[%clk 0:16:10]} 32. Rd3 {[%clk 0:17:30]}  Rdc8 {[%clk 0:16:16]} 33. Kb1 {[%clk 0:17:31]}  f5 {[%clk 0:12:45]} 34. Nxb5 {[%clk 0:16:54]}  Rc2 {[%clk 0:12:18]} 35. Nd6 {[%clk 0:16:11]}  R8c6 {[%clk 0:12:24]} 36. Rg1 {[%clk 0:15:08]}  fxe4 {[%clk 0:12:24]} 37. Nxe4 {[%clk 0:15:24]}  Re2 {[%clk 0:12:40]} 38. Rd8+ {[%clk 0:14:07]}  Kh7 {[%clk 0:12:12]} 39. Rg4 {[%clk 0:11:56]}  g5 {[%clk 0:08:45]} 40. h4 {[%clk 0:11:31]}  Re1+ {[%clk 0:08:48]} 41. Ka2 {[%clk 0:11:46]}  Rc2 {[%clk 0:09:12]} 42. hxg5 {[%clk 0:11:25]}  h5 {[%clk 0:08:16]} 43. g6+ {[%clk 0:08:39]}  Kh6 {[%clk 0:08:39]} 44. Rg3 {[%clk 0:08:52]}  Rxe4 {[%clk 0:07:55]} 45. Kb1 {[%clk 0:08:57]}  Ree2 {[%clk 0:06:43]} 46. Bc1+ {[%clk 0:09:04]}  Rxc1+ {[%clk 0:06:38]} 47. Kxc1 {[%clk 0:09:33]}  h4 {[%clk 0:05:40]} 48. Kd1 {[%clk 0:08:11]}  Ra2 {[%clk 0:04:39]} 49. Re3 {[%clk 0:08:09]}  Rxa3 {[%clk 0:03:53]} 50. Ke2 {[%clk 0:08:24]}  Kxg6 {[%clk 0:03:57]} 51. Rd6+ {[%clk 0:06:12]}  Kf5 {[%clk 0:01:22]} 52. Rf3+ {[%clk 0:06:18]}  Kg5 {[%clk 0:01:04]} 53. Rd1 {[%clk 0:06:07]}  e4 {[%clk 0:00:50]} 54. Rg1+ {[%clk 0:05:51]}  Kh5 {[%clk 0:00:46]} 55. Rf5+ {[%clk 0:05:58]}  Kh6 {[%clk 0:01:10]} 56. Rf4 {[%clk 0:05:54]}  Ra2+ {[%clk 0:01:02]} 57. Ke3 {[%clk 0:06:11]}  Rh2 {[%clk 0:01:04]} 58. Kxe4 {[%clk 0:06:21]}  Bc3 {[%clk 0:00:55]} 59. Rf3 {[%clk 0:05:08]}  Bb4 {[%clk 0:00:46]} 60. Rf6+ {[%clk 0:05:18]}  Kh7 {[%clk 0:01:00]} 61. Rd1 {[%clk 0:04:39]}  Kg7 {[%clk 0:00:50]} 62. Rc6 {[%clk 0:04:51]}  Re2+ {[%clk 0:00:52]} 63. Kf3 {[%clk 0:04:49]}  Rd2 {[%clk 0:01:04]} 64. Rg1+ {[%clk 0:04:16]}  Kf7 {[%clk 0:01:33]} 65. Ke4 {[%clk 0:04:29]}  Rb2 {[%clk 0:00:51]} 66. Rh1 {[%clk 0:03:52]}  Rxb3 {[%clk 0:01:00]} 67. Rxh4 {[%clk 0:03:57]}  Rc3 {[%clk 0:00:55]} 68. Rh7+ {[%clk 0:02:58]}  Kg8 {[%clk 0:01:18]} 69. Rxc3 {[%clk 0:03:25]}  Bxc3 {[%clk 0:01:03]} 70. Rc7 {[%clk 0:03:51]}  Bb4 {[%clk 0:01:18]} 71. Kf5 {[%clk 0:04:18]}  Kf8 {[%clk 0:00:46]} 72. Ke6 {[%clk 0:04:46]}  Be1 {[%clk 0:00:47]} 73. Ra7 {[%clk 0:05:07]}  Kg8 {[%clk 0:01:07]} 74. Kf6 {[%clk 0:05:26]}  Bc3+ {[%clk 0:01:22]} 75. Kg6 {[%clk 0:05:47]}  Kf8 {[%clk 0:01:47]} 76. Kf5 {[%clk 0:06:05]}  Bb4 {[%clk 0:01:08]} 77. Ke6 {[%clk 0:06:23]}  Kg8 {[%clk 0:01:31]} 78. Rc7 {[%clk 0:06:32]}  Kf8 {[%clk 0:01:25]} 79. Rb7 {[%clk 0:06:43]}  Kg8 {[%clk 0:01:49]} 80. Ra7 {[%clk 0:07:04]}  Kf8 {[%clk 0:02:12]} 81. Rc7 {[%clk 0:07:29]}  Be1 {[%clk 0:02:12]} 82. Rc1 {[%clk 0:07:31]}  Bd2 {[%clk 0:02:23]} 83. Rc2 {[%clk 0:07:51]}  Be1 {[%clk 0:02:23]} 84. Kf6 {[%clk 0:08:09]}  Bh4+ {[%clk 0:02:28]} 85. Ke6 {[%clk 0:07:47]}  Be1 {[%clk 0:02:43]} 86. Rg2 {[%clk 0:08:45]}  Bb4 {[%clk 0:02:25]} 87. Rg5 {[%clk 0:09:07]}  Bc3 {[%clk 0:02:05]} 88. Rf5+ {[%clk 0:09:30]}  Kg8 {[%clk 0:02:04]} 89. Ke7 {[%clk 0:09:40]}  Bb4+ {[%clk 0:01:26]} 90. Kf6 {[%clk 0:10:07]}  Kf8 {[%clk 0:01:43]} 91. Rd5 {[%clk 0:10:30]}  Ke8 {[%clk 0:01:53]} 92. Ke6 {[%clk 0:10:57]}  Kf8 {[%clk 0:02:08]} 93. Rd7 {[%clk 0:11:20]}  Ke8 {[%clk 0:02:13]} 94. Rh7 {[%clk 0:11:41]}  Kd8 {[%clk 0:02:37]} 95. Rh8+ {[%clk 0:12:07]}  Kc7 {[%clk 0:03:06]} 96. Kd5 {[%clk 0:12:24]}  Kb6 {[%clk 0:03:17]} 97. Rg8 {[%clk 0:12:41]}  Kc7 {[%clk 0:02:58]} 1/2-1/2

[Event "Weekender - Master"]
[Site "Enniscrone, Sligo, IE"]
[Date "2026.01.30"]
[Round "1"]
[White "Van den Bosse, Bart"]
[Black "Halvorsen, Benjamin"]
[Result "1-0"]
[Board "11"]
[WhiteFideId "1035959"]
[BlackFideId "1516604"]
[WhiteElo "1911"]
[BlackElo "1995"]
[WhiteTeam "NED"]
[BlackTeam "NOR"]
[WhiteClock "0:08:42"]
[BlackClock "0:03:15"]
[Variant "Standard"]

1. d4 {[%clk 1:30:57]}  Nf6 {[%clk 1:30:41]} 2. c4 {[%clk 1:30:09]}  e6 {[%clk 1:30:55]} 3. Nf3 {[%clk 1:29:54]}  d5 {[%clk 1:29:33]} 4. cxd5 {[%clk 1:30:11]}  exd5 {[%clk 1:29:53]} 5. Bg5 {[%clk 1:27:16]}  Bf5 {[%clk 1:24:04]} 6. e3 {[%clk 1:25:43]}  Bxb1 {[%clk 1:19:33]} 7. Qa4+ {[%clk 1:14:19]}  Nc6 {[%clk 1:14:44]} 8. Rxb1 {[%clk 1:08:24]}  Bb4+ {[%clk 1:13:39]} 9. Kd1 {[%clk 1:07:34]}  h6 {[%clk 1:09:11]} 10. Bxf6 {[%clk 1:00:56]}  Qxf6 {[%clk 1:08:27]} 11. Bb5 {[%clk 1:01:06]}  Qg6 {[%clk 0:58:24]} 12. Ke2 {[%clk 0:47:07]}  Bd6 {[%clk 0:55:21]} 13. Bxc6+ {[%clk 0:47:53]}  bxc6 {[%clk 0:55:47]} 14. Qxc6+ {[%clk 0:47:26]}  Ke7 {[%clk 0:56:11]} 15. Qxd5 {[%clk 0:43:36]}  Qc2+ {[%clk 0:53:31]} 16. Nd2 {[%clk 0:43:36]}  Rhd8 {[%clk 0:41:41]} 17. Qe4+ {[%clk 0:41:04]}  Qxe4 {[%clk 0:42:05]} 18. Nxe4 {[%clk 0:41:28]}  Bb4 {[%clk 0:41:50]} 19. Rhc1 {[%clk 0:40:21]}  Kd7 {[%clk 0:35:57]} 20. Rc4 {[%clk 0:38:44]}  Be7 {[%clk 0:35:12]} 21. Rbc1 {[%clk 0:35:44]}  Rdc8 {[%clk 0:34:12]} 22. Nc3 {[%clk 0:34:00]}  Rab8 {[%clk 0:32:32]} 23. Rc2 {[%clk 0:33:52]}  c6 {[%clk 0:30:02]} 24. Na4 {[%clk 0:31:04]}  Rb5 {[%clk 0:26:48]} 25. Nc5+ {[%clk 0:29:10]}  Kd8 {[%clk 0:26:14]} 26. d5 {[%clk 0:26:18]}  Rcb8 {[%clk 0:26:05]} 27. Na6 {[%clk 0:19:36]}  R8b6 {[%clk 0:26:04]} 28. Rxc6 {[%clk 0:18:25]}  Rxb2 {[%clk 0:24:50]} 29. Kd2 {[%clk 0:17:24]}  Rxc6 {[%clk 0:14:31]} 30. dxc6 {[%clk 0:17:17]}  Rb6 {[%clk 0:14:01]} 31. c7+ {[%clk 0:14:39]}  Kc8 {[%clk 0:14:27]} 32. Nb8 {[%clk 0:12:51]}  Bd6 {[%clk 0:12:51]} 33. Nc6 {[%clk 0:11:21]}  Bxc7 {[%clk 0:06:37]} 34. Ne7+ {[%clk 0:11:13]}  Kd8 {[%clk 0:07:01]} 35. Ke2 {[%clk 0:08:41]}  Be5 {[%clk 0:03:15]} 36. Nc6+ {[%clk 0:08:42]} 1-0

[Event "Weekender - Master"]
[Site "Enniscrone, Sligo, IE"]
[Date "2026.01.30"]
[Round "1"]
[White "Weih, Klaus"]
[Black "White, Nicole"]
[Result "1/2-1/2"]
[Board "12"]
[WhiteFideId "2534940"]
[BlackFideId "2520362"]
[WhiteElo "1995"]
[BlackElo "1911"]
[WhiteTeam "IRL"]
[BlackTeam "IRL"]
[WhiteClock "0:03:13"]
[BlackClock "0:50:38"]
[Variant "Standard"]

1. e4 {[%clk 1:30:41]}  c6 {[%clk 1:30:54]} 2. d4 {[%clk 1:30:15]}  d5 {[%clk 1:31:18]} 3. Nc3 {[%clk 1:29:30]}  dxe4 {[%clk 1:31:39]} 4. Nxe4 {[%clk 1:29:47]}  Bf5 {[%clk 1:32:04]} 5. Ng3 {[%clk 1:28:39]}  Bg6 {[%clk 1:32:29]} 6. Nf3 {[%clk 1:26:59]}  Nd7 {[%clk 1:31:08]} 7. h4 {[%clk 1:27:11]}  h6 {[%clk 1:31:30]} 8. h5 {[%clk 1:27:29]}  Bh7 {[%clk 1:31:59]} 9. Bd3 {[%clk 1:27:37]}  Bxd3 {[%clk 1:32:24]} 10. Qxd3 {[%clk 1:27:56]}  Ngf6 {[%clk 1:32:49]} 11. Bd2 {[%clk 1:26:22]}  e6 {[%clk 1:33:03]} 12. O-O-O {[%clk 1:26:37]}  Be7 {[%clk 1:33:28]} 13. Rhe1 {[%clk 1:15:39]}  O-O {[%clk 1:33:38]} 14. Qe2 {[%clk 1:10:47]}  c5 {[%clk 1:31:56]} 15. dxc5 {[%clk 0:54:08]}  Bxc5 {[%clk 1:30:31]} 16. Bc3 {[%clk 0:43:06]}  Nd5 {[%clk 1:28:43]} 17. Bd4 {[%clk 0:41:14]}  Qa5 {[%clk 1:19:05]} 18. Kb1 {[%clk 0:31:24]}  Rac8 {[%clk 1:18:55]} 19. c4 {[%clk 0:30:57]}  N5f6 {[%clk 1:18:42]} 20. Bxf6 {[%clk 0:28:42]}  Nxf6 {[%clk 1:19:10]} 21. Ne5 {[%clk 0:28:55]}  Rfd8 {[%clk 1:15:36]} 22. f4 {[%clk 0:27:43]}  Qb6 {[%clk 1:14:22]} 23. Ne4 {[%clk 0:18:06]}  Nxe4 {[%clk 1:13:50]} 24. Qxe4 {[%clk 0:18:32]}  Bd4 {[%clk 1:12:09]} 25. Rd2 {[%clk 0:17:35]}  Bxe5 {[%clk 1:12:08]} 26. Rxd8+ {[%clk 0:17:56]}  Qxd8 {[%clk 1:10:31]} 27. fxe5 {[%clk 0:18:09]}  b6 {[%clk 1:05:58]} 28. a3 {[%clk 0:17:41]}  Rc7 {[%clk 1:03:10]} 29. Rf1 {[%clk 0:10:46]}  Rd7 {[%clk 1:01:24]} 30. Ka2 {[%clk 0:09:24]}  Rd2 {[%clk 0:56:27]} 31. Qb7 {[%clk 0:09:01]}  Rxb2+ {[%clk 0:51:53]} 32. Kxb2 {[%clk 0:09:14]}  Qd2+ {[%clk 0:50:06]} 33. Kb3 {[%clk 0:09:01]}  Qd3+ {[%clk 0:50:24]} 34. Kb4 {[%clk 0:08:41]}  Qxf1 {[%clk 0:49:44]} 35. Qa8+ {[%clk 0:05:25]}  Kh7 {[%clk 0:50:05]} 36. Qe4+ {[%clk 0:05:47]}  Kg8 {[%clk 0:50:12]} 37. Kb5 {[%clk 0:01:51]}  Qd1 {[%clk 0:47:18]} 38. Qa8+ {[%clk 0:02:07]}  Kh7 {[%clk 0:47:44]} 39. Qe4+ {[%clk 0:01:43]}  Kg8 {[%clk 0:48:09]} 40. Qa8+ {[%clk 0:02:02]}  Kh7 {[%clk 0:48:38]} 41. Qxa7 {[%clk 0:02:07]}  Qb3+ {[%clk 0:48:57]} 42. Kc6 {[%clk 0:02:33]}  Qxc4+ {[%clk 0:49:15]} 43. Kxb6 {[%clk 0:02:49]}  Qd4+ {[%clk 0:49:35]} 44. Kb7 {[%clk 0:03:08]}  Qd7+ {[%clk 0:49:44]} 45. Kb6 {[%clk 0:03:28]}  Qd4+ {[%clk 0:50:09]} 46. Kb7 {[%clk 0:03:37]}  Qd7+ {[%clk 0:50:38]} 47. Kb6 {[%clk 0:03:13]} 1/2-1/2

[Event "Weekender - Master"]
[Site "Enniscrone, Sligo, IE"]
[Date "2026.01.30"]
[Round "1"]
[White "Campbell, Andrew"]
[Black "Haque, Mustakim-Ul"]
[Result "1-0"]
[Board "13"]
[WhiteFideId "2518392"]
[BlackFideId "2509334"]
[WhiteElo "1904"]
[BlackElo "1967"]
[WhiteTeam "IRL"]
[BlackTeam "IRL"]
[WhiteClock "0:09:27"]
[BlackClock "0:01:22"]
[Variant "Standard"]

1. d4 {[%clk 1:30:58]}  Nf6 {[%clk 1:20:49]} 2. Nc3 {[%clk 1:31:19]}  d5 {[%clk 1:21:12]} 3. Bf4 {[%clk 1:31:45]}  c5 {[%clk 1:21:12]} 4. e4 {[%clk 1:32:08]}  Nxe4 {[%clk 1:21:25]} 5. Nxe4 {[%clk 1:32:34]}  dxe4 {[%clk 1:21:48]} 6. dxc5 {[%clk 1:32:56]}  Qxd1+ {[%clk 1:21:47]} 7. Rxd1 {[%clk 1:33:15]}  Nc6 {[%clk 1:22:05]} 8. Bb5 {[%clk 1:31:15]}  f6 {[%clk 1:20:55]} 9. Ne2 {[%clk 1:29:12]}  e5 {[%clk 1:16:59]} 10. Be3 {[%clk 1:28:34]}  Be6 {[%clk 1:13:48]} 11. Nc3 {[%clk 1:24:40]}  f5 {[%clk 1:12:17]} 12. Nd5 {[%clk 1:21:37]}  O-O-O {[%clk 1:06:47]} 13. Bxc6 {[%clk 1:07:18]}  bxc6 {[%clk 1:06:57]} 14. Nc3 {[%clk 1:04:13]}  Rxd1+ {[%clk 0:59:26]} 15. Kxd1 {[%clk 1:04:00]}  Be7 {[%clk 0:59:16]} 16. b4 {[%clk 1:00:41]}  Rd8+ {[%clk 0:47:32]} 17. Kc1 {[%clk 1:00:52]}  f4 {[%clk 0:46:20]} 18. Bd2 {[%clk 1:01:03]}  Bf5 {[%clk 0:38:15]} 19. Re1 {[%clk 0:58:35]}  Rd4 {[%clk 0:36:24]} 20. a3 {[%clk 0:50:23]}  Rc4 {[%clk 0:27:47]} 21. Kb2 {[%clk 0:43:13]}  a5 {[%clk 0:27:35]} 22. Nb1 {[%clk 0:32:07]}  e3 {[%clk 0:20:03]} 23. fxe3 {[%clk 0:29:10]}  Rxc2+ {[%clk 0:17:36]} 24. Kb3 {[%clk 0:29:35]}  a4+ {[%clk 0:16:05]} 25. Kxa4 {[%clk 0:29:17]}  fxe3 {[%clk 0:08:30]} 26. Rxe3 {[%clk 0:28:34]}  Rb2 {[%clk 0:08:13]} 27. Rxe5 {[%clk 0:22:53]}  Bc2+ {[%clk 0:08:21]} 28. Ka5 {[%clk 0:23:18]}  Bd8+ {[%clk 0:08:25]} 29. Ka6 {[%clk 0:23:38]}  Bd3+ {[%clk 0:08:21]} 30. Ka7 {[%clk 0:23:48]}  Bxb1 {[%clk 0:08:23]} 31. Bg5 {[%clk 0:22:37]}  Rxg2 {[%clk 0:06:12]} 32. Bxd8 {[%clk 0:22:08]}  Kxd8 {[%clk 0:06:38]} 33. Kb7 {[%clk 0:19:09]}  Kd7 {[%clk 0:04:26]} 34. Re1 {[%clk 0:17:16]}  Bc2 {[%clk 0:02:33]} 35. b5 {[%clk 0:17:30]}  Ba4 {[%clk 0:01:03]} 36. b6 {[%clk 0:15:37]}  Rg5 {[%clk 0:00:39]} 37. Rc1 {[%clk 0:14:02]}  Bb3 {[%clk 0:00:38]} 38. Rc3 {[%clk 0:12:31]}  Be6 {[%clk 0:01:02]} 39. Rd3 {[%clk 0:11:42]}  Ke7 {[%clk 0:00:39]} 40. Kxc6 {[%clk 0:10:51]}  Bc4 {[%clk 0:00:45]} 41. Rd7+ {[%clk 0:09:54]}  Ke6 {[%clk 0:00:36]} 42. b7 {[%clk 0:09:03]}  Bb5+ {[%clk 0:00:37]} 43. Kxb5 {[%clk 0:09:24]}  Rg1 {[%clk 0:01:00]} 44. Rd8 {[%clk 0:09:03]}  Rb1+ {[%clk 0:01:22]} 45. Kc6 {[%clk 0:09:27]} 1-0

[Event "Weekender - Master"]
[Site "Enniscrone, Sligo, IE"]
[Date "2026.01.30"]
[Round "1"]
[White "O`Flaherty, Kevin"]
[Black "Duggan, Dylan"]
[Result "1-0"]
[Board "14"]
[WhiteFideId "2502283"]
[BlackFideId "2535343"]
[WhiteElo "1962"]
[BlackElo "1904"]
[WhiteTeam "IRL"]
[BlackTeam "IRL"]
[WhiteClock "0:01:40"]
[BlackClock "0:01:09"]
[Variant "Standard"]

1. Nf3 {[%clk 1:30:56]}  d5 {[%clk 1:30:55]} 2. d4 {[%clk 1:31:18]}  Nf6 {[%clk 1:31:19]} 3. Bf4 {[%clk 1:31:42]}  c5 {[%clk 1:31:43]} 4. dxc5 {[%clk 1:26:38]}  Nc6 {[%clk 1:31:11]} 5. e3 {[%clk 1:26:14]}  e6 {[%clk 1:29:08]} 6. Nbd2 {[%clk 1:17:01]}  Bxc5 {[%clk 1:29:05]} 7. c3 {[%clk 1:16:28]}  O-O {[%clk 1:21:26]} 8. Qc2 {[%clk 1:07:44]}  Re8 {[%clk 1:18:06]} 9. Ne5 {[%clk 0:59:46]}  Nxe5 {[%clk 1:08:08]} 10. Bxe5 {[%clk 0:59:13]}  Nd7 {[%clk 1:08:28]} 11. Bg3 {[%clk 0:58:05]}  e5 {[%clk 1:06:32]} 12. Bb5 {[%clk 0:51:23]}  a6 {[%clk 1:02:42]} 13. Ba4 {[%clk 0:50:46]}  b5 {[%clk 0:56:16]} 14. Bb3 {[%clk 0:51:08]}  Nf6 {[%clk 0:56:38]} 15. O-O {[%clk 0:43:13]}  Bg4 {[%clk 0:53:02]} 16. Rfe1 {[%clk 0:36:02]}  Qd7 {[%clk 0:50:12]} 17. f3 {[%clk 0:33:46]}  Bf5 {[%clk 0:47:55]} 18. Qd1 {[%clk 0:30:44]}  Qa7 {[%clk 0:34:48]} 19. Nf1 {[%clk 0:25:02]}  Rad8 {[%clk 0:31:09]} 20. Kh1 {[%clk 0:24:10]}  e4 {[%clk 0:27:58]} 21. f4 {[%clk 0:21:55]}  Ng4 {[%clk 0:20:13]} 22. Qd2 {[%clk 0:21:14]}  Re6 {[%clk 0:18:50]} 23. Bh4 {[%clk 0:12:40]}  Be7 {[%clk 0:17:11]} 24. Bxe7 {[%clk 0:12:36]}  Qxe7 {[%clk 0:17:32]} 25. Bd1 {[%clk 0:10:05]}  Qh4 {[%clk 0:16:13]} 26. g3 {[%clk 0:06:58]}  Qh5 {[%clk 0:13:12]} 27. h4 {[%clk 0:05:23]}  Qg6 {[%clk 0:11:23]} 28. Nh2 {[%clk 0:04:50]}  Nf6 {[%clk 0:09:19]} 29. Qg2 {[%clk 0:03:48]}  h5 {[%clk 0:08:51]} 30. a4 {[%clk 0:03:24]}  bxa4 {[%clk 0:06:28]} 31. Rxa4 {[%clk 0:03:39]}  Nd7 {[%clk 0:06:16]} 32. Ra5 {[%clk 0:02:38]}  Nb6 {[%clk 0:04:32]} 33. Rxa6 {[%clk 0:02:03]}  Nc4 {[%clk 0:04:38]} 34. Rxe6 {[%clk 0:02:30]}  Qxe6 {[%clk 0:04:59]} 35. Bxh5 {[%clk 0:02:22]}  Qb6 {[%clk 0:04:59]} 36. Nf1 {[%clk 0:02:03]}  Nxb2 {[%clk 0:04:45]} 37. Rb1 {[%clk 0:01:16]}  Rb8 {[%clk 0:05:10]} 38. g4 {[%clk 0:00:46]}  Bc8 {[%clk 0:05:14]} 39. g5 {[%clk 0:00:48]}  g6 {[%clk 0:04:43]} 40. Be2 {[%clk 0:00:54]}  Qc7 {[%clk 0:03:50]} 41. h5 {[%clk 0:01:09]}  Qxc3 {[%clk 0:03:01]} 42. hxg6 {[%clk 0:01:32]}  fxg6 {[%clk 0:03:22]} 43. Bg4 {[%clk 0:01:08]}  Ba6 {[%clk 0:02:44]} 44. Be6+ {[%clk 0:01:18]}  Kg7 {[%clk 0:02:54]} 45. Bxd5 {[%clk 0:00:36]}  Bxf1 {[%clk 0:03:13]} 46. Qxe4 {[%clk 0:00:34]}  Bg2+ {[%clk 0:02:27]} 47. Kxg2 {[%clk 0:00:43]}  Qd2+ {[%clk 0:02:01]} 48. Kg3 {[%clk 0:00:58]}  Kf8 {[%clk 0:00:50]} 49. Qe6 {[%clk 0:00:52]}  Kg7 {[%clk 0:00:44]} 50. Qf7+ {[%clk 0:01:13]}  Kh8 {[%clk 0:01:09]} 51. Rh1+ {[%clk 0:01:40]} 1-0